[Event "13. Open del Sants 2011"]
[Site "Barcelona ESP"]
[Date "2011.08.21"]
[Round "3.15"]
[White "Sowray, Peter J"]
[Black "Gonzalez Vidal, Yuri"]
[Result "1/2-1/2"]
[WhiteElo "2350"]
[BlackElo "2503"]
[PlyCount "137"]
[EventDate "2011.08.19"]
[EventType "swiss"]
[EventRounds "10"]
[EventCountry "ESP"]
[Source "lmi"]
[SourceDate "2011.08.19"]

1. c4 Nf6 2. g3 e6 3. Bg2 d5 4. Nf3 Be7 5. O-O O-O 6. b3 b6 7. Bb2 Bb7 8. e3 c5
9. Nc3 dxc4 10. bxc4 Nc6 11. Qe2 Rc8 12. Rfd1 Qc7 13. Rac1 a6 14. d4 cxd4 15.
exd4 Na5 16. d5 Qxc4 17. Qe5 Qb4 18. Ba1 Nc4 19. Qg5 Ne4 20. Qf4 Nxf2 21. Kxf2
Bc5+ 22. Ke2 exd5 23. Nd4 Rce8+ 24. Kf2 Ne3 25. Rd2 Nf5 26. Nce2 Bd6 27. Rb2
Bxf4 28. Rxb4 Be3+ 29. Kf1 Nxd4 30. Bxd4 Bxc1 31. Rxb6 Rxe2 32. Kxe2 Bc8 33.
Kf2 Ba3 34. Bf1 a5 35. Rb5 Bb4 36. a3 Bxa3 37. Rxa5 Be7 38. Rxd5 Rd8 39. Rxd8+
Bxd8 40. Bd3 Be6 41. Be4 f5 42. Bf3 Kf7 43. Kg2 Bf6 44. Bxf6 Kxf6 45. Kf2 Ke5
46. Ke3 g5 47. Bd1 Bf7 48. Be2 Bg6 49. Bd1 h6 50. Be2 Bf7 51. Bd1 Bd5 52. Bh5
f4+ 53. gxf4+ gxf4+ 54. Kf2 Kf5 55. Be8 Kg5 56. Bd7 Be4 57. Be6 Bf5 58. Bc4 Bg4
59. Bd3 Kh4 60. Bf1 f3 61. Ke3 h5 62. Kf2 Bh3 63. Bxh3 Kxh3 64. Kxf3 Kxh2 65.
Kf2 h4 66. Kf1 h3 67. Kf2 Kh1 68. Kf1 h2 69. Kf2 1/2-1/2

[Event "13. Open del Sants 2011"]
[Site "Barcelona ESP"]
[Date "2011.08.21"]
[Round "3.16"]
[White "Soumya, Swaminathan"]
[Black "Castellanos Rodriguez, Renier"]
[Result "0-1"]
[WhiteElo "2338"]
[BlackElo "2497"]
[PlyCount "70"]
[EventDate "2011.08.19"]
[EventType "swiss"]
[EventRounds "10"]
[EventCountry "ESP"]
[Source "lmi"]
[SourceDate "2011.08.19"]

1. e4 c5 2. Nf3 e6 3. d4 cxd4 4. Nxd4 a6 5. Nc3 Qc7 6. Bd3 Nf6 7. O-O d6 8. a4
b6 9. f4 Nbd7 10. Qe2 Bb7 11. Bd2 Be7 12. b4 g6 13. f5 gxf5 14. exf5 e5 15.
Rae1 O-O 16. Qf2 Kh8 17. Nf3 Rg8 18. Nd1 Qc6 19. b5 axb5 20. axb5 Qc7 21. Ng5
Rg7 22. Ne4 d5 23. Nxf6 Nxf6 24. Bh6 Rgg8 25. Qh4 e4 26. Bg5 Rxg5 27. Qxg5 exd3
28. cxd3 Rg8 29. Qh4 d4 30. Re2 Nd5 31. Qxd4+ Bf6 32. Qc4 Qd7 33. Rfe1 Rc8 34.
Qa4 Rg8 35. Qc4 h6 0-1

[Event "13. Open del Sants 2011"]
[Site "Barcelona ESP"]
[Date "2011.08.21"]
[Round "3.17"]
[White "Larino Nieto, David"]
[Black "Gomes, Mary Ann"]
[Result "1-0"]
[WhiteElo "2495"]
[BlackElo "2325"]
[PlyCount "49"]
[EventDate "2011.08.19"]
[EventType "swiss"]
[EventRounds "10"]
[EventCountry "ESP"]
[Source "lmi"]
[SourceDate "2011.08.19"]

1. e4 c5 2. Nf3 d6 3. d4 cxd4 4. Nxd4 Nf6 5. Nc3 a6 6. Bg5 e6 7. f4 Be7 8. Qf3
Qc7 9. O-O-O h6 10. Bh4 Nbd7 11. Be2 g5 12. fxg5 Ne5 13. Qe3 Nh7 14. Nf3 Nxf3
15. Qxf3 Nxg5 16. Qd3 b5 17. Bg3 Rg8 18. h4 b4 19. hxg5 Bxg5+ 20. Kb1 bxc3 21.
Bxd6 Qb6 22. Qxc3 Bb7 23. Qe5 Qc6 24. Bh5 Qxe4 25. Rhf1 1-0

[Event "13. Open del Sants 2011"]
[Site "Barcelona ESP"]
[Date "2011.08.21"]
[Round "3.18"]
[White "Munoz Pantoja, Miguel"]
[Black "Eggleston, David J"]
[Result "1-0"]
[WhiteElo "2482"]
[BlackElo "2318"]
[PlyCount "85"]
[EventDate "2011.08.19"]
[EventType "swiss"]
[EventRounds "10"]
[EventCountry "ESP"]
[Source "lmi"]
[SourceDate "2011.08.19"]

1. g3 c5 2. Bg2 Nc6 3. e4 g6 4. Ne2 Bg7 5. c3 Nf6 6. d4 O-O 7. O-O d6 8. h3 Qc7
9. Be3 b6 10. f4 Ba6 11. g4 cxd4 12. cxd4 e5 13. fxe5 dxe5 14. d5 Nd4 15. Nbc3
Ne8 16. Rc1 Nd6 17. b3 Qe7 18. Rf2 Nxe2+ 19. Nxe2 Rad8 20. Ng3 Bf6 21. Rfc2 Rd7
22. Bh6 Re8 23. a4 Bh4 24. Qf3 Kh8 25. Bd2 Bg5 26. Bxg5 Qxg5 27. Bf1 Bb7 28.
Bb5 Nxb5 29. axb5 f5 30. Kh2 Qf4 31. Qe2 fxe4 32. Rf1 Qh6 33. Nxe4 Red8 34. Nf6
Re7 35. Qe4 Qg7 36. g5 Qf7 37. Qb4 Rc7 38. Rd2 Rc5 39. Qe4 Qe7 40. Re1 Rxb5 41.
Qxe5 Qf8 42. Qe7 Ba8 43. Qxh7# 1-0

[Event "13. Open del Sants 2011"]
[Site "Barcelona ESP"]
[Date "2011.08.21"]
[Round "3.24"]
[White "Coll Ortega, Jordi"]
[Black "Arribas Lopez, Angel"]
[Result "0-1"]
[WhiteElo "2303"]
[BlackElo "2443"]
[PlyCount "84"]
[EventDate "2011.08.19"]
[EventType "swiss"]
[EventRounds "10"]
[EventCountry "ESP"]
[Source "lmi"]
[SourceDate "2011.08.19"]

1. d4 Nf6 2. c4 g6 3. Nf3 Bg7 4. g3 O-O 5. Bg2 d6 6. O-O c6 7. Nc3 Qb6 8. b3
Qa5 9. Bb2 Qh5 10. Qd3 Bh3 11. Qe3 Re8 12. Qg5 Qxg5 13. Nxg5 Bxg2 14. Kxg2 Nbd7
15. Rad1 a6 16. e4 b5 17. Rfe1 e5 18. dxe5 dxe5 19. Rd6 Rec8 20. f4 bxc4 21.
bxc4 Nb6 22. fxe5 Ne8 23. Nd5 Nxd6 24. Nxb6 Rab8 25. exd6 Rxb6 26. Bxg7 Kxg7
27. Rf1 Rb7 28. e5 Re8 29. Re1 h6 30. Nf3 Rb2+ 31. Kh3 c5 32. Rd1 Rb4 33. Rd5
Rxc4 34. d7 Rd8 35. Rd6 Re4 36. Rd5 g5 37. Kg2 Kf8 38. Rxc5 Rxd7 39. Rc6 g4 40.
Ng1 Rd2+ 41. Kf1 Rxa2 42. Rxh6 Rb4 0-1

[Event "13. Open del Sants 2011"]
[Site "Barcelona ESP"]
[Date "2011.08.21"]
[Round "3.28"]
[White "Martinez, Romero Martin"]
[Black "Asis Gargatagli, Hipolit"]
[Result "1/2-1/2"]
[WhiteElo "2235"]
[BlackElo "2431"]
[PlyCount "43"]
[EventDate "2011.08.19"]
[EventType "swiss"]
[EventRounds "10"]
[EventCountry "ESP"]
[Source "lmi"]
[SourceDate "2011.08.19"]

1. e4 c5 2. Nf3 d6 3. d4 cxd4 4. Nxd4 Nf6 5. Nc3 a6 6. Be3 e5 7. Nde2 Be6 8. f4
g6 9. Qd2 Nbd7 10. O-O-O Qa5 11. Kb1 Nxe4 12. Qe1 Rc8 13. Nxe4 Qxa2+ 14. Kc1
Rxc2+ 15. Kxc2 Bb3+ 16. Kd3 Bc4+ 17. Kc2 Bb3+ 18. Kd3 Bc4+ 19. Kc2 Bb3+ 20. Kc3
Qa4 21. Rd4 exd4+ 22. Nxd4 1/2-1/2

[Event "13. Open del Sants 2011"]
[Site "Barcelona ESP"]
[Date "2011.08.22"]
[Round "4.1"]
[White "Sadler, Matthew D"]
[Black "Munoz Pantoja, Miguel"]
[Result "1-0"]
[WhiteElo "2625"]
[BlackElo "2482"]
[PlyCount "65"]
[EventDate "2011.08.19"]
[EventType "swiss"]
[EventRounds "10"]
[EventCountry "ESP"]
[Source "lmi"]
[SourceDate "2011.08.19"]

1. d4 Nf6 2. c4 c5 3. d5 g6 4. Nc3 Bg7 5. e4 O-O 6. f3 d6 7. Bg5 e6 8. Qd2 exd5
9. cxd5 a6 10. a4 Qa5 11. Ra3 Nbd7 12. Nh3 Rb8 13. Nf2 Qc7 14. Be2 c4 15. O-O
Nc5 16. Bxc4 Nxa4 17. Rxa4 b5 18. Bxb5 axb5 19. Rb4 Qa5 20. Ne2 Bd7 21. Bf4 Ne8
22. Nd4 Rc8 23. Nb3 Qb6 24. Be3 Qb8 25. Bd4 f5 26. exf5 Bxf5 27. Bxg7 Nxg7 28.
Nd4 Rc4 29. Rd1 Re8 30. Rxb5 Qa7 31. g4 Bd7 32. Qa5 Ra8 33. Qxa7 1-0

[Event "13. Open del Sants 2011"]
[Site "Barcelona ESP"]
[Date "2011.08.22"]
[Round "4.2"]
[White "Perez Mitjans, Orelvis"]
[Black "Kovalyov, Anton"]
[Result "0-1"]
[WhiteElo "2452"]
[BlackElo "2612"]
[PlyCount "76"]
[EventDate "2011.08.19"]
[EventType "swiss"]
[EventRounds "10"]
[EventCountry "ESP"]
[Source "lmi"]
[SourceDate "2011.08.19"]

1. e4 c5 2. Nf3 d6 3. d4 cxd4 4. Nxd4 Nf6 5. Nc3 a6 6. h3 e5 7. Nde2 h5 8. g3
Nbd7 9. Bg2 Be7 10. O-O b5 11. Be3 Bb7 12. a4 b4 13. Nd5 Nxd5 14. exd5 h4 15.
g4 Bg5 16. f4 exf4 17. Nxf4 O-O 18. a5 Re8 19. Bd4 Rb8 20. Nh5 Ne5 21. Kh1 Bc8
22. Bb6 Rxb6 23. axb6 Qxb6 24. Qe2 a5 25. Qf2 Qc7 26. b3 Bd7 27. Ra2 Rb8 28.
Nf4 Bb5 29. Rfa1 a4 30. bxa4 Bc4 31. Rb2 Qc5 32. Qxc5 dxc5 33. Nd3 Nxd3 34.
cxd3 Bxd3 35. Rd1 c4 36. d6 c3 37. Rxd3 cxb2 38. Rb3 Re8 0-1

[Event "13. Open del Sants 2011"]
[Site "Barcelona ESP"]
[Date "2011.08.22"]
[Round "4.3"]
[White "Iturrizaga, Eduardo"]
[Black "Thipsay, Praveen M"]
[Result "1-0"]
[WhiteElo "2603"]
[BlackElo "2444"]
[PlyCount "87"]
[EventDate "2011.08.19"]
[EventType "swiss"]
[EventRounds "10"]
[EventCountry "ESP"]
[Source "lmi"]
[SourceDate "2011.08.19"]

1. d4 Nf6 2. Nf3 g6 3. c4 Bg7 4. Nc3 d6 5. g3 O-O 6. Bg2 c6 7. O-O Qa5 8. e4 e5
9. h3 Nbd7 10. Qc2 exd4 11. Nxd4 Re8 12. Bf4 Ne5 13. b3 a6 14. Rad1 Qc7 15. Bg5
Rb8 16. Rd2 h6 17. Be3 c5 18. Nde2 b5 19. cxb5 axb5 20. Rfd1 b4 21. Na4 Bxh3
22. Bxh3 Nf3+ 23. Kf1 Nxd2+ 24. Qxd2 Nxe4 25. Qc1 h5 26. Qc4 Qe7 27. Bg2 Bf8
28. Bf3 h4 29. gxh4 Qxh4 30. Kg2 Qe7 31. Rg1 Bg7 32. Nf4 Nf6 33. Kf1 d5 34.
Nxd5 Nxd5 35. Bxd5 Qf6 36. Rg3 Re7 37. Rf3 Qa1+ 38. Kg2 Bf6 39. Qg4 Kg7 40. Rh3
Rh8 41. Rxh8 Kxh8 42. Nxc5 Rxe3 43. Bxf7 Qd4 44. Qxg6 1-0

[Event "13. Open del Sants 2011"]
[Site "Barcelona ESP"]
[Date "2011.08.22"]
[Round "4.4"]
[White "Burg, Twan"]
[Black "Gopal, G N."]
[Result "1-0"]
[WhiteElo "2450"]
[BlackElo "2576"]
[PlyCount "67"]
[EventDate "2011.08.19"]
[EventType "swiss"]
[EventRounds "10"]
[EventCountry "ESP"]
[Source "lmi"]
[SourceDate "2011.08.19"]

1. e4 c5 2. Nf3 d6 3. d4 cxd4 4. Nxd4 Nf6 5. Nc3 a6 6. Bg5 Nbd7 7. Bc4 Qb6 8.
Bb3 e6 9. Bxf6 Nxf6 10. f4 Qc7 11. Qf3 b5 12. a3 Be7 13. O-O-O O-O 14. g4 Nd7
15. g5 Nc5 16. h4 Bb7 17. Kb1 Nxb3 18. cxb3 b4 19. axb4 d5 20. e5 Bxb4 21. h5
Rac8 22. g6 Bxc3 23. gxh7+ Kh8 24. bxc3 Qxc3 25. Qg4 Qe3 26. Rhe1 Rc1+ 27. Rxc1
Qxd4 28. h6 Qd3+ 29. Kb2 g6 30. Qg5 Qf5 31. Qxf5 gxf5 32. Rg1 Rb8 33. Rc7 d4
34. Rg8+ 1-0

[Event "13. Open del Sants 2011"]
[Site "Barcelona ESP"]
[Date "2011.08.22"]
[Round "4.5"]
[White "Arribas Lopez, Angel"]
[Black "Ipatov, Alexander"]
[Result "1-0"]
[WhiteElo "2443"]
[BlackElo "2562"]
[PlyCount "57"]
[EventDate "2011.08.19"]
[EventType "swiss"]
[EventRounds "10"]
[EventCountry "ESP"]
[Source "lmi"]
[SourceDate "2011.08.19"]

1. Nf3 d5 2. e3 Nf6 3. c4 e6 4. Nc3 Be7 5. b3 O-O 6. Bb2 c5 7. cxd5 Nxd5 8.
Nxd5 Qxd5 9. Bc4 Qd8 10. Qc2 Bf6 11. Bxf6 Qxf6 12. Rd1 Nd7 13. Qe4 Rb8 14. Bb5
a6 15. Bxd7 Bxd7 16. Ne5 Rfd8 17. d4 cxd4 18. Rxd4 Bb5 19. a4 Rxd4 20. exd4 Rc8
21. axb5 Rc1+ 22. Ke2 Rxh1 23. bxa6 Qe7 24. Qxb7 Qe8 25. a7 Ra1 26. Qb8 Kf8 27.
Nc6 Ra2+ 28. Kd1 f5 29. b4 1-0

[Event "13. Open del Sants 2011"]
[Site "Barcelona ESP"]
[Date "2011.08.22"]
[Round "4.6"]
[White "Swiercz, Dariusz"]
[Black "Gual Pascual, Antonio"]
[Result "1-0"]
[WhiteElo "2553"]
[BlackElo "2436"]
[PlyCount "63"]
[EventDate "2011.08.19"]
[EventType "swiss"]
[EventRounds "10"]
[EventCountry "ESP"]
[Source "lmi"]
[SourceDate "2011.08.19"]

1. e4 e6 2. d4 d5 3. Nd2 c5 4. Ngf3 a6 5. dxc5 Bxc5 6. Bd3 Nc6 7. O-O Nge7 8.
Re1 h6 9. exd5 exd5 10. Nb3 Bd6 11. h3 O-O 12. c3 Bf5 13. Be3 Bxd3 14. Qxd3 Qc7
15. Rad1 Rad8 16. Nbd4 Rfe8 17. Re2 Ng6 18. Nf5 Bf8 19. Rde1 Re4 20. Bd2 Rxe2
21. Qxe2 Qa5 22. a3 Qa4 23. Be3 Qe4 24. N5d4 Nce5 25. Qd1 Nxf3+ 26. Nxf3 Qc4
27. Bd4 Qb5 28. Qe2 Qc4 29. g3 Qc6 30. h4 Rd6 31. h5 Re6 32. Be3 1-0

[Event "13. Open del Sants 2011"]
[Site "Barcelona ESP"]
[Date "2011.08.22"]
[Round "4.8"]
[White "Bacallao Alonso, Yusnel"]
[Black "Pogorelov, Ruslan"]
[Result "1-0"]
[WhiteElo "2532"]
[BlackElo "2430"]
[PlyCount "101"]
[EventDate "2011.08.19"]
[EventType "swiss"]
[EventRounds "10"]
[EventCountry "ESP"]
[Source "lmi"]
[SourceDate "2011.08.19"]

1. Nf3 Nf6 2. d4 e6 3. Bg5 h6 4. Bh4 d6 5. Nc3 g5 6. Bg3 Nh5 7. e4 Bg7 8. Bb5+
Nd7 9. Qe2 a6 10. Bd3 b5 11. e5 Nxg3 12. hxg3 b4 13. Ne4 d5 14. Nc5 Nxc5 15.
dxc5 Qe7 16. c6 Qc5 17. O-O-O Qxc6 18. Nxg5 Bb7 19. Qg4 hxg5 20. Qxg5 Rxh1 21.
Rxh1 Bxe5 22. Qxe5 O-O-O 23. Rh7 Rf8 24. Qf4 Qd6 25. Rxf7 Rxf7 26. Qxf7 c5 27.
Qf6 Kd7 28. f4 d4 29. g4 Qd5 30. Qf7+ Kd6 31. Qf8+ Kd7 32. b3 Kc6 33. Qe8+ Kb6
34. Bc4 Qxg2 35. Qxe6+ Bc6 36. g5 d3 37. Bxd3 Qg1+ 38. Kd2 Qf2+ 39. Qe2 Qxf4+
40. Qe3 Qh2+ 41. Kc1 Qh1+ 42. Kb2 Qh8+ 43. Kb1 Qh1+ 44. Qc1 Qg2 45. Qf4 Qh1+
46. Kb2 a5 47. Qb8+ Bb7 48. Qd8+ Kc6 49. Bg6 Ba6 50. Qf6+ Kb7 51. Qe5 1-0

[Event "13. Open del Sants 2011"]
[Site "Barcelona ESP"]
[Date "2011.08.22"]
[Round "4.9"]
[White "Rios, Cristhian Camilo"]
[Black "Kunte, Abhijit"]
[Result "1/2-1/2"]
[WhiteElo "2424"]
[BlackElo "2528"]
[PlyCount "30"]
[EventDate "2011.08.19"]
[EventType "swiss"]
[EventRounds "10"]
[EventCountry "ESP"]
[Source "lmi"]
[SourceDate "2011.08.19"]

1. e4 c5 2. Nf3 e6 3. d4 cxd4 4. Nxd4 a6 5. Nc3 Qc7 6. Qf3 Nc6 7. Nxc6 bxc6 8.
Qg3 Qxg3 9. hxg3 Rb8 10. e5 f6 11. f4 d5 12. exd6 Bxd6 13. Ne4 Be7 14. b3 Nh6
15. Bb2 Nf5 1/2-1/2

[Event "13. Open del Sants 2011"]
[Site "Barcelona ESP"]
[Date "2011.08.22"]
[Round "4.10"]
[White "Bergez, Luc"]
[Black "Handke, Florian"]
[Result "0-1"]
[WhiteElo "2416"]
[BlackElo "2518"]
[PlyCount "78"]
[EventDate "2011.08.19"]
[EventType "swiss"]
[EventRounds "10"]
[EventCountry "ESP"]
[Source "lmi"]
[SourceDate "2011.08.19"]

1. e4 c5 2. Nf3 e6 3. b3 b6 4. c4 Bb7 5. Nc3 Nc6 6. g3 Be7 7. Bg2 Bf6 8. O-O
Nge7 9. Re1 d6 10. Rb1 Ne5 11. Nxe5 dxe5 12. b4 cxb4 13. Rxb4 Nc6 14. Rb1 Be7
15. Na4 Qd3 16. Bb2 Qd7 17. f4 Rd8 18. Bc3 h5 19. fxe5 h4 20. Re3 Bg5 21. Re2
hxg3 22. hxg3 Qd3 23. Qe1 Nd4 24. Bxd4 Qxd4+ 25. Qf2 Qxe5 26. Nc5 Bc6 27. Nb3
Rd3 28. Bf3 Be7 29. Kg2 f5 30. exf5 Rxf3 31. Rxe5 Rxf5+ 32. Kf1 Rh1+ 33. Ke2
Rxe5+ 34. Kd3 Rxb1 35. Qf4 Rbe1 36. Nd4 Be4+ 37. Kc3 Bf6 38. d3 Rd1 39. dxe4
Rxd4 0-1

[Event "13. Open del Sants 2011"]
[Site "Barcelona ESP"]
[Date "2011.08.22"]
[Round "4.11"]
[White "Castellanos Rodriguez, Renier"]
[Black "Sanchez Ibern, Marc"]
[Result "1/2-1/2"]
[WhiteElo "2497"]
[BlackElo "2327"]
[PlyCount "108"]
[EventDate "2011.08.19"]
[EventType "swiss"]
[EventRounds "10"]
[EventCountry "ESP"]
[Source "lmi"]
[SourceDate "2011.08.19"]

1. e4 c5 2. Nf3 d6 3. d4 Nf6 4. Nc3 cxd4 5. Nxd4 Nc6 6. Bg5 Bd7 7. Qd2 Rc8 8.
Nb3 a6 9. f4 h6 10. Bxf6 gxf6 11. Bd3 Bg7 12. O-O Nb4 13. Kh1 Nxd3 14. Qxd3 f5
15. exf5 Bxc3 16. bxc3 Bb5 17. Qd4 Rg8 18. Rf3 Rc4 19. Qe3 Bc6 20. Rg3 Kd7 21.
Nd4 Rxg3 22. hxg3 Qa5 23. Re1 Qxc3 24. Qxe7+ Kc8 25. Nxc6 Rxc6 26. Qf8+ Kc7 27.
Qxf7+ Kb8 28. Rb1 b5 29. Kh2 Qd2 30. c4 Qxa2 31. Qf8+ Kc7 32. cxb5 Qxb1 33.
bxc6 Kxc6 34. Qc8+ Kd5 35. Qxa6 Qxf5 36. Qb5+ Ke6 37. Qxf5+ Kxf5 38. Kg1 Ke4
39. Kf2 d5 40. Ke1 d4 41. Kd1 h5 42. Ke2 d3+ 43. Kf2 Kd4 44. Ke1 Ke4 45. Kd2
Kd4 46. g4 hxg4 47. g3 Ke4 48. f5 Kxf5 49. Kxd3 Ke5 50. Ke3 Kf5 51. Kd4 Kf6 52.
Ke4 Ke6 53. Kf4 Kf6 54. Kxg4 Ke5 1/2-1/2

[Event "13. Open del Sants 2011"]
[Site "Barcelona ESP"]
[Date "2011.08.22"]
[Round "4.12"]
[White "Avila Jimenez, Javier"]
[Black "Larino Nieto, David"]
[Result "0-1"]
[WhiteElo "2257"]
[BlackElo "2495"]
[PlyCount "78"]
[EventDate "2011.08.19"]
[EventType "swiss"]
[EventRounds "10"]
[EventCountry "ESP"]
[Source "lmi"]
[SourceDate "2011.08.19"]

1. d4 e6 2. c4 c5 3. d5 exd5 4. cxd5 d6 5. e4 g6 6. Nc3 Bg7 7. f4 a6 8. Nf3 Bg4
9. Be2 Nd7 10. O-O Ne7 11. Qe1 O-O 12. Qh4 Bxf3 13. Rxf3 f5 14. Rh3 h6 15. g4
Nf6 16. exf5 gxf5 17. g5 hxg5 18. fxg5 Ng6 19. Qe1 Nd7 20. Bh5 Bd4+ 21. Kh1
Nde5 22. Bxg6 Nxg6 23. Qe6+ Kg7 24. Bd2 Qe7 25. Re1 Be5 26. Qxe7+ Nxe7 27. Bf4
Bxf4 28. Rxe7+ Kg6 29. Rhh7 Bxg5 30. Reg7+ Kf6 31. h4 Bxh4 32. Rxb7 Rh8 33. Kg2
Rxh7 34. Rxh7 Bg5 35. Rb7 Ke5 36. Kf3 Rh8 37. Ra7 Rh2 38. Na4 Bh4 39. Rxa6 Kd4
0-1

[Event "13. Open del Sants 2011"]
[Site "Barcelona ESP"]
[Date "2011.08.22"]
[Round "4.13"]
[White "Almeida Quintana, Omar"]
[Black "Chueca Forcen, Alberto"]
[Result "1/2-1/2"]
[WhiteElo "2548"]
[BlackElo "2323"]
[PlyCount "123"]
[EventDate "2011.08.19"]
[EventType "swiss"]
[EventRounds "10"]
[EventCountry "ESP"]
[Source "lmi"]
[SourceDate "2011.08.19"]

1. d4 d5 2. c4 dxc4 3. Nf3 c5 4. e3 cxd4 5. Bxc4 e6 6. exd4 Nf6 7. O-O Be7 8.
Nc3 O-O 9. Qe2 a6 10. Rd1 b5 11. Bb3 Bb7 12. Bg5 Nbd7 13. d5 exd5 14. Nd4 Re8
15. Nf5 h6 16. Bh4 Bf8 17. Qf3 Qb6 18. Nxd5 Bxd5 19. Bxd5 Nxd5 20. Rxd5 Ne5 21.
Rxe5 Rxe5 22. Qxa8 Rxf5 23. h3 g5 24. Bg3 Kg7 25. Rd1 Bc5 26. Kh1 Bxf2 27. Bd6
Qe3 28. Bb4 Bg3 29. Qf8+ Kh7 30. Qc8 Qd3 31. Qc1 Qe4 32. Bc5 g4 33. Qe3 Qxe3
34. Bxe3 gxh3 35. gxh3 Be5 36. Bd4 Bxd4 37. Rxd4 Rf2 38. Rb4 Rc2 39. a3 f6 40.
b3 Ra2 41. a4 bxa4 42. bxa4 a5 43. Rc4 Kg6 44. Kg1 f5 45. Kf1 Kf6 46. h4 Ke6
47. Rc6+ Kd5 48. Rxh6 Rxa4 49. Ra6 Kc5 50. h5 Rf4+ 51. Ke2 Kb4 52. h6 Rh4 53.
Kd3 a4 54. Rb6+ Ka3 55. Kc2 f4 56. Kd3 Rh3+ 57. Ke4 f3 58. Ke3 Ka2 59. Rb4 a3
60. Rb6 Ka1 61. Kd2 Ka2 62. Ke3 1/2-1/2

[Event "13. Open del Sants 2011"]
[Site "Barcelona ESP"]
[Date "2011.08.22"]
[Round "4.14"]
[White "Teran Alvarez, Ismael"]
[Black "Smeets, Jan"]
[Result "0-1"]
[WhiteElo "2437"]
[BlackElo "2628"]
[PlyCount "50"]
[EventDate "2011.08.19"]
[EventType "swiss"]
[EventRounds "10"]
[EventCountry "ESP"]
[Source "lmi"]
[SourceDate "2011.08.19"]

1. e4 c5 2. Nf3 d6 3. d4 cxd4 4. Nxd4 Nf6 5. Nc3 a6 6. Bc4 e6 7. Bb3 Be7 8. f4
O-O 9. f5 e5 10. Nde2 Nbd7 11. Ng3 b5 12. O-O a5 13. Be3 Ba6 14. Rf2 a4 15. Bd5
b4 16. Bxa8 bxc3 17. Bc6 cxb2 18. Rb1 a3 19. Ba4 Nc5 20. Bxc5 dxc5 21. Rf3 Qa5
22. c4 Bxc4 23. Rxa3 Qb4 24. Qf3 Ra8 25. Qe3 Rxa4 0-1

[Event "13. Open del Sants 2011"]
[Site "Barcelona ESP"]
[Date "2011.08.22"]
[Round "4.15"]
[White "Asis Gargatagli, Hipolit"]
[Black "Alvarez Pedraza, Aramis"]
[Result "1/2-1/2"]
[WhiteElo "2431"]
[BlackElo "2551"]
[PlyCount "58"]
[EventDate "2011.08.19"]
[EventType "swiss"]
[EventRounds "10"]
[EventCountry "ESP"]
[Source "lmi"]
[SourceDate "2011.08.19"]

1. e4 c6 2. d4 d5 3. Nc3 dxe4 4. Nxe4 Nf6 5. Nxf6+ gxf6 6. Nf3 Bg4 7. Be2 Nd7
8. O-O Qc7 9. Nh4 Bxe2 10. Qxe2 e6 11. c4 O-O-O 12. g3 Rg8 13. d5 Qe5 14. Be3
Qe4 15. dxc6 Ne5 16. cxb7+ Kxb7 17. Qh5 Qxc4 18. Rad1 Rxd1 19. Rxd1 Rg4 20. Ng2
Qc2 21. Rc1 Qg6 22. Qxg6 Rxg6 23. f4 Nc6 24. Rd1 Be7 25. f5 Rg8 26. Kf2 e5 27.
Kf3 Kc7 28. Rc1 h5 29. b3 a5 1/2-1/2

[Event "13. Open del Sants 2011"]
[Site "Barcelona ESP"]
[Date "2011.08.22"]
[Round "4.16"]
[White "Matnadze, Ana"]
[Black "Marin, Mihail"]
[Result "0-1"]
[WhiteElo "2428"]
[BlackElo "2548"]
[PlyCount "66"]
[EventDate "2011.08.19"]
[EventType "swiss"]
[EventRounds "10"]
[EventCountry "ESP"]
[Source "lmi"]
[SourceDate "2011.08.19"]

1. d4 e6 2. c4 Bb4+ 3. Bd2 a5 4. Nf3 d6 5. Nc3 f5 6. Qc2 Nf6 7. e3 O-O 8. Bd3
Nc6 9. d5 Ne5 10. Nxe5 dxe5 11. O-O-O e4 12. Be2 Qe7 13. h3 exd5 14. Nxd5 Nxd5
15. cxd5 Bd6 16. Bc3 Bd7 17. g4 f4 18. exf4 Rxf4 19. Bd4 a4 20. Rhe1 a3 21. b3
c5 22. dxc6 Bxc6 23. Bc4+ Kh8 24. Bb6 Bc5 25. Bxc5 Qxc5 26. Re2 Rf3 27. Kb1
Rxh3 28. Red2 Rf8 29. Bd5 Qxc2+ 30. Rxc2 Rd3 31. Rxd3 exd3 32. Rc5 d2 33. Kc2
Rd8 0-1

[Event "13. Open del Sants 2011"]
[Site "Barcelona ESP"]
[Date "2011.08.22"]
[Round "4.17"]
[White "Narciso Dublan, Marc"]
[Black "Blomqvist, Erik"]
[Result "1-0"]
[WhiteElo "2544"]
[BlackElo "2438"]
[PlyCount "61"]
[EventDate "2011.08.19"]
[EventType "swiss"]
[EventRounds "10"]
[EventCountry "ESP"]
[Source "lmi"]
[SourceDate "2011.08.19"]

1. e4 c5 2. Nc3 d6 3. g3 Nc6 4. Bg2 g6 5. d3 Bg7 6. Be3 e5 7. f4 Nge7 8. Nf3
Nd4 9. O-O O-O 10. Qd2 Bg4 11. Rf2 exf4 12. Bxf4 Qb6 13. Rb1 Nxf3+ 14. Bxf3
Bxf3 15. Rxf3 Rad8 16. Bh6 d5 17. Bxg7 Kxg7 18. Qf2 d4 19. Rf1 f5 20. exf5 Rxf5
21. g4 Rxf3 22. Qxf3 dxc3 23. Qf7+ Kh6 24. g5+ Kh5 25. Qf3+ Kxg5 26. Qe3+ Kh5
27. Qh3+ Kg5 28. Qe3+ Kh5 29. Rf7 h6 30. Qf3+ Kg5 31. h4+ 1-0

[Event "13. Open del Sants 2011"]
[Site "Barcelona ESP"]
[Date "2011.08.22"]
[Round "4.19"]
[White "Gonzalez Garcia, Jose"]
[Black "Lorenzo De La Riva, Lazaro"]
[Result "1-0"]
[WhiteElo "2522"]
[BlackElo "2391"]
[PlyCount "97"]
[EventDate "2011.08.19"]
[EventType "swiss"]
[EventRounds "10"]
[EventCountry "ESP"]
[Source "lmi"]
[SourceDate "2011.08.19"]

1. d4 c5 2. d5 d6 3. e4 Nf6 4. Nc3 g6 5. Nf3 Bg7 6. Be2 O-O 7. O-O Na6 8. h3
Nc7 9. a4 a6 10. Re1 Nd7 11. Bf1 Rb8 12. a5 b5 13. axb6 Nxb6 14. Bf4 Nb5 15.
Nxb5 axb5 16. c3 Nd7 17. Qd2 Qb6 18. Bh6 Bxh6 19. Qxh6 f6 20. b4 Ne5 21. Nxe5
fxe5 22. Qe3 Bd7 23. Ra2 Rfc8 24. Qg5 Qd8 25. Ra7 cxb4 26. cxb4 Ra8 27. Rea1
Rxa7 28. Rxa7 Kf7 29. Qh6 Kg8 30. h4 Rc7 31. Ra3 Qf8 32. Qe3 Qe8 33. h5 gxh5
34. Qg5+ Kh8 35. Rg3 Qf7 36. Rf3 Qg7 37. Qxh5 Qg6 38. Qh4 Be8 39. Rf8+ Kg7 40.
Rf5 Qh6 41. Qg3+ Bg6 42. Rxe5 Qc1 43. Re6 Qe1 44. Qg5 Rc1 45. Rxe7+ Kg8 46. Qf6
Qxf1+ 47. Kh2 Qh1+ 48. Kg3 Qh6 49. Re8+ 1-0

[Event "13. Open del Sants 2011"]
[Site "Barcelona ESP"]
[Date "2011.08.22"]
[Round "4.20"]
[White "Gonzalez Vidal, Yuri"]
[Black "Lanzani, Mario"]
[Result "1/2-1/2"]
[WhiteElo "2503"]
[BlackElo "2357"]
[PlyCount "96"]
[EventDate "2011.08.19"]
[EventType "swiss"]
[EventRounds "10"]
[EventCountry "ESP"]
[Source "lmi"]
[SourceDate "2011.08.19"]

1. d4 d5 2. c4 dxc4 3. Nf3 c5 4. e3 cxd4 5. Bxc4 Qc7 6. Bb3 dxe3 7. Bxe3 Nf6 8.
Nc3 Nc6 9. O-O e6 10. Nb5 Qa5 11. Qd3 Be7 12. Nd6+ Bxd6 13. Qxd6 Ne4 14. Qf4
Qf5 15. Qh4 Nf6 16. Rac1 Qg4 17. Qxg4 Nxg4 18. Bc5 Nge5 19. Nxe5 Nxe5 20. Bd4
f6 21. Bxe5 fxe5 22. Ba4+ Bd7 23. Bxd7+ Kxd7 24. Rfd1+ Ke7 25. Rc7+ Kf6 26.
Rdd7 Rhg8 27. Rxb7 Rac8 28. h4 Rc1+ 29. Kh2 Rc2 30. h5 e4 31. Kg3 h6 32. Rf7+
Ke5 33. Rb5+ Kd6 34. Rxa7 g6 35. Rb6+ Ke5 36. Re7 gxh5+ 37. Kh4 Rxf2 38. Rbxe6+
Kd5 39. Re5+ Kd6 40. R5e6+ Kd5 41. Rxe4 Rfxg2 42. R7e5+ Kd6 43. Re2 Rg1 44.
R5e3 R8g4+ 45. Kxh5 Rg5+ 46. Kh4 Rh1+ 47. Rh3 Rhg1 48. Rhe3 Rh1+ 1/2-1/2